LEADER 00429nas 2200181z- 450 001 996215395903316 011 $a1460-5600 035 $a(CKB)1000000000024904 035 $a(EXLCZ)991000000000024904 100 $a20200715cuuuuuuuu -u- - 101 0 $aeng 135 $aurmnu||||| 200 10$aFrontiers 210 $aSwindon$cPPARC 906 $aJOURNAL 912 $a996215395903316 996 $aFrontiers$91295976 997 $aUNISA LEADER 01085nam a22002771i 4500 001 991000347409707536 005 20040128103920.0 008 040204s1987 it a||||||||||||||||ita 035 $ab1260303x-39ule_inst 035 $aARCHE-061024$9ExL 040 $aDip. SSC$bita$cA.t.i. Arché s.c.r.l. Pandora Sicilia s.r.l. 082 04$a850.91 245 00$aLuigi Pirandello :$bpoetica e presenza : atti del convegno delle Universitàdi Lovanio e Anversa, 13-16 maggio 1986 /$ca cura di W. Geerts, F. Musarra, S. Vanvolsem 260 $aRoma :$bBulzoni,$c1987 300 $a619 p. :$bill. ;$c21 cm 650 4$aPirandello Luigi$xCongressi$y1986 650 4$aLetteratura italiana$ySec 19.-20. 700 1 $aGeerts, Walter 700 1 $aMusarra, Franco 700 1 $aVanvolsem, Serge 907 $a.b1260303x$b02-04-14$c12-02-04 912 $a991000347409707536 945 $aLE021 TI18E36$g1$iLE021-1204$lle021$o-$pE0.00$q-$rl$s- $t0$u0$v0$w0$x0$y.i13084215$z12-02-04 996 $aLuigi Pirandello$9131022 997 $aUNISALENTO 998 $ale021$b12-02-04$cm$da $e-$fita$git $h0$i1